Modern Day Allied Countries of World War II - Statistics

General Stats
  • This quiz has been taken 36 times
  • The average score is 107 of 159
Answers on the Map
Answers color-coded by a green-red scale on the quiz's map according to % correct below.
 
Answer Stats
Answer % Correct
France
94%
Russia
94%
United Kingdom
94%
United States
94%
Belarus
88%
Canada
88%
Poland
88%
Ukraine
88%
Belgium
82%
Brazil
82%
Estonia
82%
Greece
82%
Latvia
82%
Lithuania
82%
Turkey
82%
Argentina
76%
Australia
76%
Bahamas
76%
Belize
76%
Bolivia
76%
Chile
76%
China
76%
Colombia
76%
Denmark
76%
Ecuador
76%
Egypt
76%
Georgia
76%
Guyana
76%
Haiti
76%
Iceland
76%
India
76%
Jordan
76%
Mexico
76%
Moldova
76%
New Zealand
76%
Norway
76%
Oman
76%
Panama
76%
Papua New Guinea
76%
Paraguay
76%
Peru
76%
Saudi Arabia
76%
Suriname
76%
United Arab Emirates
76%
Uruguay
76%
Yemen
76%
Algeria
71%
Azerbaijan
71%
Bosnia and Herzegovina
71%
Brunei
71%
Cambodia
71%
Costa Rica
71%
Croatia
71%
Cuba
71%
Cyprus
71%
Dominican Republic
71%
El Salvador
71%
Guatemala
71%
Honduras
71%
Indonesia
71%
Israel
71%
Jamaica
71%
Kazakhstan
71%
Malaysia
71%
Mali
71%
Nepal
71%
Netherlands
71%
Nicaragua
71%
Philippines
71%
Qatar
71%
Sudan
71%
Syria
71%
Tunisia
71%
Venezuela
71%
Vietnam
71%
Armenia
65%
Bahrain
65%
Botswana
65%
Cameroon
65%
Democratic Republic of the Congo
65%
Djibouti
65%
Eswatini
65%
Gabon
65%
Guinea
65%
Kenya
65%
Kuwait
65%
Laos
65%
Lebanon
65%
Lesotho
65%
Luxembourg
65%
Malawi
65%
Maldives
65%
Malta
65%
Mongolia
65%
Montenegro
65%
Morocco
65%
Myanmar
65%
Niger
65%
Nigeria
65%
North Macedonia
65%
Republic of the Congo
65%
Rwanda
65%
Senegal
65%
Serbia
65%
Solomon Islands
65%
South Africa
65%
South Sudan
65%
Sri Lanka
65%
Tanzania
65%
Turkmenistan
65%
Uganda
65%
Uzbekistan
65%
Zambia
65%
Zimbabwe
65%
Bangladesh
59%
Benin
59%
Burkina Faso
59%
Burundi
59%
Central African Republic
59%
Chad
59%
Comoros
59%
Dominica
59%
Fiji
59%
Gambia
59%
Ghana
59%
Ivory Coast
59%
Kosovo
59%
Kyrgyzstan
59%
Madagascar
59%
Mauritania
59%
Namibia
59%
Pakistan
59%
Seychelles
59%
Sierra Leone
59%
Slovenia
59%
Tajikistan
59%
Togo
59%
Tonga
59%
Barbados
53%
Grenada
53%
Monaco
53%
Saint Kitts and Nevis
53%
Saint Lucia
53%
Saint Vincent and the Grenadines
53%
San Marino
53%
Singapore
53%
Trinidad and Tobago
53%
Cape Verde
47%
East Timor
47%
Liberia
47%
Mauritius
47%
Tuvalu
47%
Vanuatu
47%
Antigua and Barbuda
41%
Vatican City
41%
São Tomé and Príncipe
35%
Taiwan
29%
No matching quizzes found
Score Distribution
Percent of People with Each Score
Percentile by Number Answered
Your Score History
You have not taken this quiz